Pays contenant un Z dans leurs noms - Statistiques

Statistiques générales
  • Ce quiz a été pris 186 fois
  • Le résultat moyen est 10 sur 12
Statistiques - réponses
Continent Réponse % Correct
Afrique Zimbabwe
97%
Afrique Zambie
94%
Océanie Nouvelle-Zélande
87%
Amérique du Sud Venezuela
81%
Asie Kazakhstan
80%
Asie Azerbaïdjan
79%
Asie Ouzbékistan
79%
Afrique Tanzanie
76%
Amérique Centrale Belize
75%
Afrique Mozambique
73%
Asie Kirghizistan
72%
Europe Bosnie-Herzégovine
68%
Aucun quiz correspondant
Distribution des résultats
% des personnes avec chaque résultat
Percentile par nombre de réponses
Votre historique - résultats
Vous n’avez pas pris ce quiz